📖 150 premiers mots "Les quatre accords toltèques" (Le 3ème accord) - Statistiques

Statistiques générales
  • Ce quiz a Ă©tĂ© pris 10 fois
  • Le rĂ©sultat moyen est 103 sur 150
Statistiques - réponses
Mots % Correct
Ă 
100%
accord
100%
ce
100%
d'
100%
de
100%
des
100%
en
100%
est
100%
faire
100%
la
100%
Le
100%
les
100%
- Ne
100%
'ne
100%
ou
100%
par
100%
pas
100%
pour
100%
qu'
100%
que
100%
toltèque
100%
troisième
100%
un
100%
avons
83%
elles
83%
et
83%
faisons
83%
fait
83%
faites
83%
Nous
83%
nous
83%
on
83%
puis
83%
sont
83%
sur
83%
tout.
83%
tout
83%
une
83%
vous
83%
autres
67%
avez
67%
dans ...
67%
du
67%
été
67%
leur
67%
nos
67%
quoi
67%
rien
67%
Toute
67%
vérité.
67%
affaire
50%
aux
50%
croyons
50%
ensuite
50%
fois
50%
font
50%
pensent,
50%
personnelle,
50%
propos
50%
propos.
50%
suppositions. -
50%
suppositions.'
50%
suppositions
50%
suppositions,
50%
tendance
50%
voulons
50%
chaque
33%
problème
33%
vraies.
33%
autrui,
17%
crée
17%
créer
17%
drame
17%
finissons
17%
intentions
17%
poison
17%
pourquoi
17%
problèmes.
17%
quant
17%
VoilĂ 
17%
agir
0%
auxquels
0%
communiquons
0%
confrontés
0%
drames
0%
émotionnel
0%
forts
0%
interprétons
0%
jurer
0%
prĂŞte
0%
prĂŞts
0%
raisons
0%
serions
0%
travers,
0%
tristesse
0%
Aucun quiz correspondant
Distribution des résultats
% des personnes avec chaque résultat
Percentile par nombre de réponses
Votre historique - résultats
Vous n’avez pas pris ce quiz